[Event "Wroclaw Anderssen Memorial"]
[Site "Wroclaw"]
[Date "2022.07.30"]
[Round "7"]
[White "Wielosz, Jaroslaw"]
[Black "Jasniewicz, Rafal"]
[Result "0-1"]
[WhiteElo "1891"]
[BlackElo "1631"]
[PlyCount "48"]
[EventDate "2022.07.30"]
[EventType "swiss (rapid)"]
[EventRounds "9"]
[EventCountry "POL"]
[SourceTitle "CBM 209 Extra"]
[Source "ChessBase"]
[SourceDate "2022.09.30"]
[SourceVersion "1"]
[SourceVersionDate "2022.09.30"]
[SourceQuality "1"]

1. d4 Nf6 2. c4 g6 3. Nc3 Bg7 4. e4 d6 5. Nf3 0-0 6. Be2 e5 7. 0-0 Nc6 8. d5 Ne7 9. b4 Ne8 10. a4 f5 11. Ng5 f4 12. Bg4 Nf5 13. Bxf5 Qxg5 14. Bxc8 Rxc8 15. f3 Nf6 16. Bd2 h5 17. Be1 Qh6 18. Bf2 g5 19. Bxa7 g4 20. Bf2 Qg5 21. Qe1 gxf3 22. g3 Qg4 23. Kh1 Qh3 24. Rg1 Ng4 0-1

[Event "Wroclaw Anderssen Memorial"]
[Site "Wroclaw"]
[Date "2022.07.30"]
[Round "6"]
[White "Zubarev, Alexander2222"]
[Black "Wielosz, Jaroslaw"]
[Result "1-0"]
[WhiteElo "2372"]
[BlackElo "1891"]
[PlyCount "73"]
[EventDate "2022.07.30"]
[EventType "swiss (rapid)"]
[EventRounds "9"]
[EventCountry "POL"]
[SourceTitle "CBM 209 Extra"]
[Source "ChessBase"]
[SourceDate "2022.09.30"]
[SourceVersion "1"]
[SourceVersionDate "2022.09.30"]
[SourceQuality "1"]

1. Nf3 Nf6 2. c4 g6 3. Nc3 d5 4. Qa4+ Bd7 5. Qb3 dxc4 6. Qxc4 Bg7 7. e4 0-0 8. e5 Be6 9. exf6 Bxc4 10. fxg7 Kxg7 11. Bxc4 Nc6 12. 0-0 Nd4 13. Nxd4 Qxd4 14. d3 c6 15. Be3 Qd7 16. d4 Qd6 17. a3 Rfd8 18. Rac1 h6 19. Ne4 Qd7 20. Rfe1 Qf5 21. Ng3 Qa5 22. Bf4 Rd7 23. Ne4 Rxd4 24. Bf1 f6 25. Bg3 e5 26. Nc5 Re8 27. f3 b6 28. Nb3 Qd5 29. Nxd4 Qxd4+ 30. Bf2 Qxb2 31. Rxc6 Qxa3 32. Rc7+ Re7 33. Bc5 bxc5 34. Rxe7+ Kf8 35. Rb7 a5 36. Rd1 Qe3+ 37. Kh1 1-0

[Event "EU-ch Seniors 50 21st"]
[Site "Lublin"]
[Date "2022.07.12"]
[Round "8"]
[White "Klimaszewski, Dariusz"]
[Black "Wielosz, Jaroslaw"]
[Result "1/2-1/2"]
[WhiteElo "2096"]
[BlackElo "1891"]
[PlyCount "104"]
[EventDate "2022.07.05"]
[EventType "swiss"]
[EventRounds "9"]
[EventCountry "POL"]
[SourceTitle "CBM 209 Extra"]
[Source "ChessBase"]
[SourceDate "2022.09.30"]
[SourceVersion "1"]
[SourceVersionDate "2022.09.30"]
[SourceQuality "1"]

1. f4 Nf6 2. Nf3 g6 3. c4 c5 4. Nc3 d5 5. cxd5 Nxd5 6. g3 Bg7 7. Bg2 0-0 8. 0-0 Nxc3 9. dxc3 Nc6 10. Be3 Qxd1 11. Rfxd1 c4 12. Nd4 Nxd4 13. Bxd4 Be6 14. Rd2 Bxd4+ 15. cxd4 Rab8 16. d5 Bd7 17. a4 Rfc8 18. Rc2 a5 19. e4 Rc5 20. Bf1 Rbc8 21. Rc3 Kg7 22. Bg2 b6 23. e5 R8c7 24. Kf2 h5 25. Ke3 h4 26. Kd4 hxg3 27. hxg3 Rc8 28. Bf1 Rh8 29. Bxc4 Rcc8 30. Bd3 Rxc3 31. bxc3 Rh3 32. Rb1 Rxg3 33. Rxb6 Bxa4 34. c4 g5 35. f5 g4 36. c5 Rg1 37. Rb2 Kh6 38. c6 g3 39. Be4 Rd1+ 40. Ke3 Rc1 41. Kf4 Rc4 42. Rg2 e6 43. Ke3 exd5 44. Bd3 Bxc6 45. Rxg3 Rh4 46. e6 d4+ 47. Kd2 Rh2+ 48. Kc1 fxe6 49. Rg6+ Kh5 50. Rxe6 Rh1+ 51. Kd2 Rh2+ 52. Kc1 Rh1+ 1/2-1/2

[Event "EU-ch Seniors 50 21st"]
[Site "Lublin"]
[Date "2022.07.08"]
[Round "4"]
[White "Wielosz, Jaroslaw"]
[Black "Krzyzanowska Zadlo, Lidia"]
[Result "1/2-1/2"]
[WhiteElo "1891"]
[BlackElo "1732"]
[PlyCount "63"]
[EventDate "2022.07.05"]
[EventType "swiss"]
[EventRounds "9"]
[EventCountry "POL"]
[SourceTitle "CBM 209 Extra"]
[Source "ChessBase"]
[SourceDate "2022.09.30"]
[SourceVersion "1"]
[SourceVersionDate "2022.09.30"]
[SourceQuality "1"]

1. Nf3 Nf6 2. c4 c5 3. Nc3 Nc6 4. g3 g6 5. Bg2 Bg7 6. d3 0-0 7. 0-0 d6 8. a3 a6 9. Rb1 Rb8 10. b4 cxb4 11. axb4 b5 12. cxb5 axb5 13. Bd2 Bd7 14. Qc1 Qc8 15. Bh6 Re8 16. Bxg7 Kxg7 17. Qb2 Bh3 18. Ne4 Bxg2 19. Kxg2 Qd7 20. Nxf6 exf6 21. Rbc1 Rbc8 22. Rc2 Qb7 23. Kg1 Ne5 24. Nd4 Rxc2 25. Qxc2 Rc8 26. Qb3 h5 27. h4 f5 28. Qb2 Kf8 29. Rc1 Rxc1+ 30. Qxc1 Qd5 31. Qc8+ Kg7 32. Qc3 1/2-1/2

[Event "EU-ch Seniors 50 21st"]
[Site "Lublin"]
[Date "2022.07.06"]
[Round "2"]
[White "Wielosz, Jaroslaw"]
[Black "Chwalewski, Marek"]
[Result "1/2-1/2"]
[WhiteElo "1891"]
[BlackElo "1774"]
[PlyCount "63"]
[EventDate "2022.07.05"]
[EventType "swiss"]
[EventRounds "9"]
[EventCountry "POL"]
[SourceTitle "CBM 209 Extra"]
[Source "ChessBase"]
[SourceDate "2022.09.30"]
[SourceVersion "1"]
[SourceVersionDate "2022.09.30"]
[SourceQuality "1"]

1. d4 g6 2. c4 d5 3. cxd5 Nf6 4. Nf3 Bg7 5. g3 Nxd5 6. Bg2 Nc6 7. 0-0 Nb6 8. e3 0-0 9. Nc3 Bg4 10. h3 Bxf3 11. Bxf3 Qd7 12. Bg2 Rfd8 13. Bd2 e5 14. d5 Ne7 15. e4 c6 16. Bg5 h6 17. Bxe7 Qxe7 18. Qb3 cxd5 19. Nxd5 Nxd5 20. exd5 Kh7 21. Rac1 f5 22. Rfd1 Rd6 23. Qa3 a6 24. Qa5 Rad8 25. Rc7 R8d7 26. Rxd7 Rxd7 27. d6 Qe8 28. Qb6 e4 29. Rc1 Be5 30. Rc7 Qf7 31. Qxb7 Rxc7 32. Qxc7 1/2-1/2

[Event "Lazy Baltic Pearl op-A 17th"]
[Site "Lazy"]
[Date "2021.07.05"]
[Round "8"]
[White "Wielosz, Jaroslaw"]
[Black "Kapral, Krzysztof"]
[Result "1/2-1/2"]
[WhiteElo "1915"]
[BlackElo "1923"]
[PlyCount "131"]
[EventDate "2021.06.27"]
[EventType "swiss"]
[EventRounds "9"]
[EventCountry "POL"]
[SourceTitle "EXT 2022"]
[Source "ChessBase"]
[SourceDate "2021.10.06"]
[SourceVersion "1"]
[SourceVersionDate "2021.10.06"]
[SourceQuality "1"]

1. c4 c6 2. Nf3 d5 3. b3 Bf5 4. Bb2 Nd7 5. g3 Ngf6 6. Bg2 e6 7. 0-0 h6 8. d3 Be7 9. Nbd2 0-0 10. Rc1 a5 11. a3 Qb6 12. Rc2 Bc5 13. h3 Bh7 14. Qa1 Rfd8 15. Rcc1 d4 16. Bxd4 Bxd4 17. Qxd4 Qc7 18. Qc3 c5 19. b4 b6 20. d4 Ne4 21. Nxe4 Bxe4 22. dxc5 bxc5 23. b5 f6 24. Qe3 f5 25. Nd2 Bxg2 26. Qxe6+ Kh8 27. Kxg2 Re8 28. Qc6 Qxc6+ 29. bxc6 Nb8 30. e3 Nxc6 31. Nb3 Re5 32. Rfd1 a4 33. Nd2 Na5 34. Nf3 Re4 35. Nd2 Ree8 36. h4 Rad8 37. h5 Rd3 38. Nb1 Red8 39. Rxd3 Rxd3 40. Kf3 Kh7 41. Kf4 g6 42. hxg6+ Kxg6 43. Kf3 Kg5 44. Ke2 Rb3 45. Kf3 Rb2 46. Nc3 Nxc4 47. Nxa4 Ne5+ 48. Kg2 Ra2 49. Nxc5 Ng4 50. Nd3 Nxe3+ 51. Kf3 Ng4 52. Rc3 Nf6 53. Nf4 Rxf2+ 54. Kxf2 Ne4+ 55. Kf3 Nxc3 56. Ne6+ Kf6 57. Nc5 Ke5 58. Nd7+ Ke6 59. Nb6 Kd6 60. Nc4+ Kd5 61. Nb2 Kd4 62. a4 Ne4 63. Nd1 Kc4 64. Ne3+ Kb4 65. Nxf5 Nxg3 66. Kxg3 1/2-1/2

[Event "Lazy Baltic Pearl op-A 17th"]
[Site "Lazy"]
[Date "2021.07.01"]
[Round "5"]
[White "Klepek, Witold"]
[Black "Wielosz, Jaroslaw"]
[Result "1-0"]
[WhiteElo "2208"]
[BlackElo "1915"]
[PlyCount "92"]
[EventDate "2021.06.27"]
[EventType "swiss"]
[EventRounds "9"]
[EventCountry "POL"]
[SourceTitle "EXT 2022"]
[Source "ChessBase"]
[SourceDate "2021.10.06"]
[SourceVersion "1"]
[SourceVersionDate "2021.10.06"]
[SourceQuality "1"]

1. e4 e5 2. Nc3 Nf6 3. Bc4 Nxe4 4. Qh5 Nd6 5. Qxe5+ Qe7 6. Qxe7+ Bxe7 7. Bb3 c6 8. Nf3 Nf5 9. d4 d5 10. 0-0 h6 11. Re1 Be6 12. Ne2 g5 13. h3 Nd7 14. c3 0-0-0 15. Bc2 Rdg8 16. g4 Nd6 17. Ng3 Nf6 18. a4 Nfe4 19. Bxe4 Nxe4 20. Nxe4 dxe4 21. Rxe4 h5 22. c4 hxg4 23. hxg4 Bd8 24. b3 Bd7 25. Ne5 f5 26. Re2 fxg4 27. Nxd7 Kxd7 28. Bb2 Rh3 29. d5 Rg6 30. dxc6+ Kxc6 31. b4 Rgh6 32. Rae1 Rh1+ 33. Kg2 R6h2+ 34. Kg3 Bc7+ 35. Be5 Rxe1 36. Rxe1 Bxe5+ 37. Rxe5 Rh3+ 38. Kxg4 Rh4+ 39. Kxg5 Rxc4 40. Rc5+ Rxc5+ 41. bxc5 Kxc5 42. f4 Kd6 43. Kf6 b6 44. f5 a6 45. Kg7 b5 46. f6 Kd5 1-0

[Event "EU-chT Seniors 50"]
[Site "Walbrzych"]
[Date "2018.04.22"]
[Round "9.2"]
[White "Wielosz, Jaroslaw"]
[Black "Lopez de Turiso, Jose Angel"]
[Result "1-0"]
[WhiteElo "2038"]
[BlackElo "2064"]
[PlyCount "93"]
[EventDate "2018.04.14"]
[EventType "team-swiss"]
[EventRounds "9"]
[EventCountry "POL"]
[SourceTitle "CBM 184 Extra"]
[Source "ChessBase"]
[SourceDate "2018.06.28"]
[SourceVersion "1"]
[SourceVersionDate "2018.06.28"]
[SourceQuality "1"]
[WhiteTeam "Poland Wschowa 50"]
[BlackTeam "Spain Ruy Lopez 50"]
[WhiteTeamCountry "POL"]
[BlackTeamCountry "ESP"]

1. Nf3 Nf6 2. d4 d6 3. c4 e5 4. dxe5 Ne4 5. Nbd2 Bf5 6. Nxe4 Bxe4 7. Bf4 d5 8. a3 Be7 9. e3 0-0 10. Nd2 Bg6 11. Be2 d4 12. Bf3 dxe3 13. Bxe3 Nd7 14. Bd4 Nc5 15. Bxc5 Bxc5 16. Nb3 Re8 17. 0-0 Rxe5 18. Qxd8+ Rxd8 19. Rfe1 Rxe1+ 20. Rxe1 Bf8 21. Bxb7 Rd3 22. Nc1 Rd2 23. b4 h6 24. g3 Bc2 25. Kg2 a5 26. bxa5 Bxa3 27. Re2 Rxe2 28. Nxe2 Bd3 29. Nc3 Bxc4 30. Na4 Bd6 31. a6 Bxa6 32. Bxa6 g6 33. Nc3 Bb4 34. Nd5 Bd6 35. Kf3 f5 36. Bc4 Kg7 37. Nc3 Bc5 38. Ke2 Bb4 39. Nd5 Bd6 40. f3 c6 41. Nc3 g5 42. Be6 Kf6 43. Bd7 c5 44. Kd3 h5 45. Nd5+ Kg6 46. Be8+ Kh6 47. Ne3 1-0

[Event "EU-chT Seniors 50"]
[Site "Walbrzych"]
[Date "2018.04.16"]
[Round "3.2"]
[White "Wielosz, Jaroslaw"]
[Black "Deleyn, Gunter"]
[Result "0-1"]
[WhiteElo "2038"]
[BlackElo "2200"]
[PlyCount "126"]
[EventDate "2018.04.14"]
[EventType "team-swiss"]
[EventRounds "9"]
[EventCountry "POL"]
[SourceTitle "CBM 184 Extra"]
[Source "ChessBase"]
[SourceDate "2018.06.28"]
[SourceVersion "1"]
[SourceVersionDate "2018.06.28"]
[SourceQuality "1"]
[WhiteTeam "Poland Wschowa 50"]
[BlackTeam "Belgium VSF 50"]
[WhiteTeamCountry "POL"]
[BlackTeamCountry "BEL"]

1. c4 Nf6 2. Nc3 c5 3. Nf3 b6 4. d4 cxd4 5. Nxd4 Bb7 6. f3 a6 7. e4 d6 8. Be3 e6 9. Be2 Be7 10. Qd2 Qc7 11. 0-0 0-0 12. Rfd1 Nbd7 13. Rac1 Rad8 14. Bf1 Rfe8 15. Qf2 Bf8 16. Kh1 Qb8 17. a3 Rc8 18. b4 Ba8 19. Nb3 Be7 20. Bd4 g6 21. Na4 Bd8 22. Nb2 d5 23. exd5 exd5 24. c5 a5 25. Ba6 Bb7 26. Bb5 Bc6 27. Ba6 Bb7 28. Bb5 Bc6 29. Bxc6 Rxc6 30. b5 Rce6 31. c6 Ne5 32. Bxe5 Qxe5 33. Nd4 R6e7 34. Nd3 Qd6 35. a4 Bc7 36. g3 Re3 37. Nf4 Ra3 38. Ra1 Qb4 39. Rxa3 Qxa3 40. Qc2 Re3 41. Rd3 Re1+ 42. Kg2 Qa1 43. Qf2 Rb1 44. Nde2 Rb2 45. Kh3 Qa2 46. Qd4 Rxe2 47. Qxf6 Rxh2+ 48. Kg4 Qf2 49. Rxd5 h5+ 50. Rxh5 gxh5+ 51. Nxh5 Rxh5 52. Kxh5 Qxg3 53. Qf5 Qe5 54. Qxe5 Bxe5 55. Kg5 Kf8 56. Kh6 Ke7 57. Kh7 f5 58. Kg8 f4 59. Kh7 Kd6 60. Kg6 Kc5 61. Kf5 Bb8 62. Ke6 Kb4 63. Kd7 Kxa4 0-1

[Event "Wroclaw Anderssen Memorial op-B 22nd"]
[Site "Wroclaw"]
[Date "2013.06.30"]
[Round "5"]
[White "Szyler, Bartosz"]
[Black "Wielosz, Jaroslaw"]
[Result "1/2-1/2"]
[WhiteElo "1755"]
[BlackElo "1943"]
[PlyCount "81"]
[EventDate "2013.06.30"]
[EventType "swiss"]
[EventRounds "7"]
[EventCountry "POL"]
[SourceTitle "EXT 2014"]
[Source "ChessBase"]
[SourceDate "2013.11.20"]
[SourceVersion "1"]
[SourceVersionDate "2013.11.20"]
[SourceQuality "1"]

1. e4 e5 2. Nf3 Nc6 3. Nc3 Nf6 4. d4 exd4 5. Nd5 Nb4 6. Bc4 Nbxd5 7. exd5 Bb4+ 8. Bd2 Qe7+ 9. Qe2 Bxd2+ 10. Kxd2 Qxe2+ 11. Kxe2 0-0 12. Rhe1 c5 13. dxc6 bxc6 14. Nxd4 d5 15. Bb3 Ba6+ 16. Kf3 c5 17. Nf5 Rfd8 18. Rad1 Bb7 19. Re7 Rab8 20. Ke2 g6 21. Nh6+ Kg7 22. Rxf7+ Kxh6 23. Rxf6 Kg7 24. Re6 Kf7 25. Re5 c4 26. Ba4 Ba6 27. Ke1 Rxb2 28. Rexd5 Rxd5 29. Rxd5 Rxa2 30. Bb5 Bxb5 31. Rxb5 Rxc2 32. Rb7+ Kf6 33. Rxa7 h5 34. Ra5 Ke6 35. h4 Kf6 36. g3 Ke6 37. Rc5 Kf6 38. Rg5 Kf7 39. Rc5 Kf6 40. Kf1 Ke6 41. Ke1 1/2-1/2

[Event "Wroclaw Anderssen Memorial op 22nd"]
[Site "Wroclaw"]
[Date "2013.06.29"]
[Round "6"]
[White "Sabuk, Piotr"]
[Black "Wielosz, Jaroslaw"]
[Result "1-0"]
[WhiteElo "2222"]
[BlackElo "1943"]
[PlyCount "111"]
[EventDate "2013.06.29"]
[EventType "swiss (rapid)"]
[EventRounds "9"]
[EventCountry "POL"]
[SourceTitle "CBM 155 Extra"]
[Source "ChessBase"]
[SourceDate "2013.08.26"]
[SourceVersion "1"]
[SourceVersionDate "2013.08.26"]
[SourceQuality "1"]

1. d4 Nf6 2. c4 e6 3. g3 d5 4. Bg2 dxc4 5. Nf3 Nc6 6. Qa4 Bb4+ 7. Bd2 Bxd2+ 8. Nbxd2 0-0 9. Qxc4 Qd5 10. 0-0 Qxc4 11. Nxc4 Ne4 12. Rac1 Rd8 13. Rfd1 Bd7 14. Nfe5 f5 15. Nxc6 Bxc6 16. Na5 Bd5 17. Rxc7 Bxa2 18. Nxb7 Rac8 19. Rxc8 Rxc8 20. Ra1 Bd5 21. Bxe4 Bxe4 22. Nc5 Rb8 23. b3 Bd5 24. f3 a5 25. Ra3 Rb5 26. Kf2 Kf7 27. e4 fxe4 28. fxe4 Bc6 29. Ke3 g5 30. Nd3 Bb7 31. Ne5+ Kg7 32. Nc4 Ba8 33. Nxa5 Rb8 34. Nc4 h5 35. Nb2 h4 36. Nd3 hxg3 37. hxg3 Bc6 38. b4 Bb5 39. Ra7+ Kh6 40. Nc5 e5 41. d5 Bf1 42. Rb7 Ra8 43. d6 Ra3+ 44. Kf2 Bh3 45. d7 Ra2+ 46. Ke3 Ra3+ 47. Kf2 Ra2+ 48. Kg1 Rd2 49. Rb8 Bxd7 50. Rd8 Rd1+ 51. Kf2 Bg4 52. Rxd1 Bxd1 53. b5 Bg4 54. b6 Bc8 55. b7 Bxb7 56. Nxb7 1-0

[Event "Wroclaw Anderssen Memorial op 22nd"]
[Site "Wroclaw"]
[Date "2013.06.29"]
[Round "3"]
[White "Wielosz, Jaroslaw"]
[Black "Zyla, Janusz"]
[Result "1-0"]
[WhiteElo "1943"]
[BlackElo "2190"]
[PlyCount "95"]
[EventDate "2013.06.29"]
[EventType "swiss (rapid)"]
[EventRounds "9"]
[EventCountry "POL"]
[SourceTitle "CBM 155 Extra"]
[Source "ChessBase"]
[SourceDate "2013.08.26"]
[SourceVersion "1"]
[SourceVersionDate "2013.08.26"]
[SourceQuality "1"]

1. d4 Nf6 2. c4 g6 3. Nc3 Bg7 4. e4 d6 5. Nf3 0-0 6. Be2 e5 7. 0-0 Nc6 8. d5 Ne7 9. b4 Nh5 10. Re1 h6 11. a4 f5 12. Ra3 Nf6 13. Bf1 Kh8 14. a5 a6 15. b5 axb5 16. cxb5 fxe4 17. Nxe4 Nexd5 18. Nxf6 Nxf6 19. Nh4 Qe8 20. Qc2 e4 21. Bb2 d5 22. g3 Qf7 23. f4 exf3 24. Nxg6+ Kg8 25. Nxf8 Ne4 26. Rxe4 dxe4 27. Bc4 f2+ 28. Kg2 f1Q+ 29. Bxf1 Bh3+ 30. Kxh3 Qxf1+ 31. Kh4 Bxb2 32. Qxb2 Rxf8 33. Qb3+ Rf7 34. Qe6 Qf6+ 35. Qxf6 Rxf6 36. a6 bxa6 37. bxa6 Rf8 38. a7 Ra8 39. Kg4 Kf7 40. Kf4 Ke6 41. Kxe4 Kd6 42. Kd4 Kc6 43. Kc4 Kd6 44. g4 Ke5 45. h3 Kd6 46. Ra6+ c6 47. Ra5 Ke6 48. Kc5 1-0

[Event "Gora Sw Anny op 5th"]
[Site "Gora Sw Anny"]
[Date "2012.01.17"]
[Round "7"]
[White "Zgadzaj, Rafal"]
[Black "Wielosz, Jaroslaw"]
[Result "1-0"]
[WhiteElo "2206"]
[BlackElo "1877"]
[PlyCount "75"]
[EventDate "2012.01.11"]
[EventType "swiss"]
[EventRounds "9"]
[EventCountry "POL"]
[SourceTitle "CBM 146 Extra"]
[Source "ChessBase"]
[SourceDate "2012.02.29"]
[SourceVersion "1"]
[SourceVersionDate "2012.02.29"]
[SourceQuality "1"]

1. g3 Nf6 2. Bg2 d5 3. c4 c6 4. Nf3 Bf5 5. 0-0 e6 6. d3 h6 7. Be3 Bd6 8. Qb3 Qd7 9. Bd4 Be7 10. Nc3 dxc4 11. Qxc4 0-0 12. b4 b5 13. Qb3 a5 14. bxa5 Rxa5 15. Be5 Ra3 16. Qb2 Qa7 17. Nd4 Nfd7 18. Bxg7 Rc8 19. Nb1 Bg6 20. Bxh6 Bf6 21. Qxa3 Qxd4 22. Nd2 Qe5 23. Be3 Qh5 24. Bf3 Qh3 25. Rac1 Ne5 26. Bg2 Qh8 27. Qb4 Nbd7 28. Qf4 Bf5 29. Ne4 Ng4 30. Nxf6+ Ndxf6 31. h3 Nxe3 32. fxe3 Nh5 33. Qg5+ Bg6 34. Rxc6 Rxc6 35. Qd8+ Kh7 36. Qxh8+ Kxh8 37. Bxc6 Nxg3 38. Bxb5 1-0

[Event "Gora Sw Anny op 5th"]
[Site "Gora Sw Anny"]
[Date "2012.01.13"]
[Round "3"]
[White "Paliszewski, Dominik"]
[Black "Wielosz, Jaroslaw"]
[Result "0-1"]
[WhiteElo "1539"]
[BlackElo "1877"]
[PlyCount "90"]
[EventDate "2012.01.11"]
[EventType "swiss"]
[EventRounds "9"]
[EventCountry "POL"]
[SourceTitle "CBM 146 Extra"]
[Source "ChessBase"]
[SourceDate "2012.02.29"]
[SourceVersion "1"]
[SourceVersionDate "2012.02.29"]
[SourceQuality "1"]

1. e4 d6 2. d4 Nf6 3. Nc3 g6 4. Bd3 Bg7 5. Nge2 0-0 6. h3 c5 7. d5 Na6 8. Bxa6 bxa6 9. Be3 Qa5 10. 0-0 Qb4 11. f3 Qxb2 12. Rb1 Qa3 13. Rb3 Qa5 14. g4 Bd7 15. Qd3 Rfc8 16. Rbb1 Rab8 17. Qd2 Bb5 18. Nxb5 Qxd2 19. Bxd2 axb5 20. Nc3 b4 21. Ne2 a5 22. c3 Nd7 23. cxb4 axb4 24. Rfc1 Ra8 25. Rc2 Ne5 26. Kg2 Nd3 27. Nc1 Nxc1 28. Bxc1 Rcb8 29. Be3 Ra6 30. Rd1 Ra3 31. Kf2 Bc3 32. Bc1 Ra6 33. Bd2 Bd4+ 34. Be3 Bc3 35. Bd2 Bg7 36. Be3 Rba8 37. Rdd2 Ra3 38. Ke2 Bc3 39. Rd1 Rxa2 40. Rdc1 b3 41. Rxa2 bxa2 42. Rxc3 a1Q 43. Rd3 Ra2+ 44. Bd2 c4 45. Re3 Qd4 0-1

[Event "Gora Sw Anny op 4th"]
[Site "Gora Sw Anny"]
[Date "2011.02.12"]
[Round "2"]
[White "Wielosz, Jaroslaw"]
[Black "Heberla, Bartlomiej"]
[Result "0-1"]
[WhiteElo "1877"]
[BlackElo "2538"]
[PlyCount "98"]
[EventDate "2011.02.12"]
[EventType "swiss"]
[EventRounds "9"]
[EventCountry "POL"]
[SourceTitle "CBM 140 Extra"]
[Source "ChessBase"]
[SourceDate "2011.03.01"]
[SourceVersion "1"]
[SourceVersionDate "2011.03.01"]
[SourceQuality "1"]

1. d4 g6 2. Nf3 Bg7 3. c4 c5 4. Nc3 cxd4 5. Nxd4 Nc6 6. Nb3 d6 7. e4 Be6 8. Be2 Rc8 9. 0-0 Bxc3 10. bxc3 Nf6 11. Qc2 0-0 12. Bh6 Re8 13. Nd4 Nxd4 14. cxd4 Bxc4 15. Bxc4 d5 16. exd5 b5 17. d6 Rxc4 18. dxe7 Qd6 19. Qe2 Rxe7 20. Be3 Nd5 21. Qf3 Qc6 22. Qg3 Rc3 23. Qb8+ Re8 24. Qg3 Nxe3 25. fxe3 Rcxe3 26. Qf4 Qd5 27. Rac1 Re2 28. Rf2 Re1+ 29. Rxe1 Rxe1+ 30. Rf1 Rxf1+ 31. Kxf1 Qf5 32. Qxf5 gxf5 33. Ke2 Kf8 34. Ke3 Ke7 35. h3 Ke6 36. g4 fxg4 37. hxg4 Kd5 38. g5 b4 39. Kd3 a5 40. Ke3 a4 41. Kd3 a3 42. Kc2 Kxd4 43. Kb3 Kc5 44. Kc2 Kc4 45. Kc1 Kc3 46. Kb1 Kd2 47. Ka1 Ke3 48. Kb1 Kf4 49. Kc2 Kxg5 0-1

[Event "Polanica Zdroj op-A 47th"]
[Site "Polanica Zdroj"]
[Date "2011.??.??"]
[Round "9"]
[White "Wielosz, Jaroslaw"]
[Black "Usatiuk, Igor"]
[Result "0-1"]
[WhiteElo "1884"]
[BlackElo "2006"]
[PlyCount "120"]
[EventDate "2011.08.19"]
[EventType "swiss"]
[EventRounds "9"]
[EventCountry "POL"]
[SourceTitle "CBM 144 Extra"]
[Source "ChessBase"]
[SourceDate "2011.10.28"]
[SourceVersion "1"]
[SourceVersionDate "2011.10.28"]
[SourceQuality "1"]

1. d4 d5 2. c4 c6 3. Nf3 Bf5 4. Qb3 Qb6 5. c5 Qxb3 6. axb3 Bxb1 7. Rxb1 b5 8. Ra1 a6 9. Bf4 Nd7 10. e3 f6 11. b4 h5 12. h4 Nh6 13. Bd3 Kd8 14. Bg6 Ng4 15. Bf5 e5 16. Bxd7 Kxd7 17. dxe5 fxe5 18. Bxe5 Rg8 19. Bd4 Be7 20. Ke2 Bf6 21. Rhd1 Kc7 22. Ng5 Kb7 23. Nf7 Kc7 24. f3 Bxd4 25. Rxd4 Nf6 26. Rd3 Rgf8 27. Ng5 Rfe8 28. Rda3 d4 29. e4 Nd5 30. Rxa6 Rxa6 31. Rxa6 Kb7 32. Ra1 Nxb4 33. Nf7 Re7 34. Nd6+ Kb8 35. Kd2 Re5 36. Rc1 Na2 37. Rc2 Nb4 38. f4 Re6 39. Rc1 Rg6 40. Rg1 Rg3 41. Nf5 Rd3+ 42. Kc1 g6 43. Ne7 Re3 44. e5 Nd3+ 45. Kd2 Nxf4 46. g3 Re2+ 47. Kc1 Nd3+ 48. Kd1 Rxb2 49. Nxc6+ Kc7 50. Nxd4 Rb1+ 51. Kd2 Rxg1 52. Kxd3 Rxg3+ 53. Ke4 b4 54. e6 b3 55. Nb5+ Kd8 56. c6 b2 57. c7+ Kc8 58. e7 b1Q+ 59. Kf4 Rg4+ 60. Kf3 Qe4+ 0-1

[Event "Gora Sw Anny op 3rd"]
[Site "Gora Sw Anny"]
[Date "2010.02.13"]
[Round "8"]
[White "Klekowski, Maciej"]
[Black "Wielosz, Jaroslaw"]
[Result "1-0"]
[WhiteElo "2290"]
[BlackElo "1911"]
[PlyCount "115"]
[EventDate "2010.02.08"]
[EventType "swiss"]
[EventRounds "9"]
[EventCountry "POL"]
[SourceTitle "CBM 135 Extra"]
[Source "ChessBase"]
[SourceDate "2010.05.04"]
[SourceVersion "1"]
[SourceVersionDate "2010.05.04"]
[SourceQuality "1"]

1. c4 e6 2. Nf3 d5 3. e3 Nf6 4. Qc2 c5 5. cxd5 exd5 6. d4 c4 7. b3 b5 8. a4 Qa5+ 9. Bd2 Bb4 10. Ra2 Bxd2+ 11. Nfxd2 Nc6 12. axb5 Nb4 13. Rxa5 Nxc2+ 14. Kd1 cxb3 15. Nxb3 Bf5 16. Na3 Nxa3 17. Rxa3 Ne4 18. Ke1 Ke7 19. f3 Nd6 20. Nc5 Rhb8 21. Ra5 Bd7 22. Nxd7 Kxd7 23. Bd3 Nb7 24. Ra6 Nd6 25. Kf2 Nxb5 26. Rb1 Nc7 27. Rxb8 Rxb8 28. Rxa7 Rb2+ 29. Kg3 h6 30. Ra3 Kd6 31. Rc3 Kd7 32. Bc2 Kd6 33. Ba4 Ra2 34. Bc2 Rb2 35. h4 g6 36. h5 g5 37. Ba4 Ra2 38. Bc2 Rb2 39. Kh3 Rb8 40. Ba4 Rb6 41. Bc2 Rb2 42. Bf5 Rd2 43. Rb3 Re2 44. Rb6+ Ke7 45. Rxh6 Rxe3 46. Rc6 Ne6 47. h6 Re1 48. Kh2 Ra1 49. Rc8 Nf8 50. h7 Nxh7 51. Bxh7 Rd1 52. Rc7+ Kf6 53. Bg8 Rxd4 54. Rxf7+ Kg6 55. Rd7 Rh4+ 56. Kg3 d4 57. Bd5 Kf6 58. Be4 1-0

[Event "Gora Sw Anny op 3rd"]
[Site "Gora Sw Anny"]
[Date "2010.02.08"]
[Round "1"]
[White "Wielosz, Jaroslaw"]
[Black "Gajdamowicz, Adrian"]
[Result "1-0"]
[WhiteElo "1911"]
[BlackElo "1461"]
[PlyCount "77"]
[EventDate "2010.02.08"]
[EventType "swiss"]
[EventRounds "9"]
[EventCountry "POL"]
[SourceTitle "CBM 135 Extra"]
[Source "ChessBase"]
[SourceDate "2010.05.04"]
[SourceVersion "1"]
[SourceVersionDate "2010.05.04"]
[SourceQuality "1"]

1. d4 d5 2. c4 e6 3. Nc3 c5 4. cxd5 exd5 5. Nf3 Nc6 6. g3 Nf6 7. Bg2 Be6 8. 0-0 Be7 9. Bg5 b6 10. Ne5 Nxd4 11. e3 Nf5 12. Qa4+ Bd7 13. Nxd7 Qxd7 14. Qxd7+ Nxd7 15. Bxd5 Rd8 16. Bxe7 Nxe7 17. Bb7 Rb8 18. Bg2 0-0 19. Rfd1 Nf6 20. Rd6 Rfd8 21. Rad1 Rxd6 22. Rxd6 Nf5 23. Rd2 Kf8 24. Bh3 Ne7 25. a3 Ke8 26. Nb5 a6 27. Nc7+ Kf8 28. Nxa6 Ra8 29. Nc7 Rb8 30. Nb5 Nc6 31. Bg2 Ne5 32. h3 c4 33. f4 Nd3 34. g4 Re8 35. g5 Ne4 36. Bxe4 Rxe4 37. Nd6 Rxe3 38. Nxc4 Nxf4 39. Nxe3 1-0

[Event "Polanica Zdroj op-B 45th"]
[Site "Polanica Zdroj"]
[Date "2009.08.27"]
[Round "10"]
[White "Wielosz, Jaroslaw"]
[Black "Goluch, Piotr"]
[Result "0-1"]
[WhiteElo "1963"]
[BlackElo "2040"]
[PlyCount "53"]
[EventDate "2009.08.18"]
[EventType "swiss"]
[EventRounds "10"]
[EventCountry "POL"]
[SourceTitle "CBM 131 Extra"]
[Source "ChessBase"]
[SourceDate "2009.09.03"]
[SourceVersion "2"]
[SourceVersionDate "2009.09.16"]
[SourceQuality "1"]

1. e4 c6 2. d4 d5 3. Nc3 g6 4. h3 Bg7 5. Be3 Nf6 6. e5 Nfd7 7. f4 b5 8. a3 Nb6 9. b3 0-0 10. Nf3 a5 11. Bd3 Na6 12. 0-0 b4 13. axb4 Nxb4 14. Be2 Bf5 15. Ne1 Qc7 16. g4 Be4 17. f5 c5 18. Nxe4 dxe4 19. f6 exf6 20. exf6 Bxf6 21. Rxf6 N6d5 22. Bg5 h6 23. Bxh6 Nxf6 24. Bxf8 Rxf8 25. Ng2 Rd8 26. c3 Nbd5 27. dxc5 0-1